An Islamic response to imperialism : (Record no. 20520)
[ view plain ]
| 000 -LEADER | |
|---|---|
| fixed length control field | 01191cam a2200313 a 4500 |
| 001 - CONTROL NUMBER | |
| control field | 1414420 |
| 003 - CONTROL NUMBER IDENTIFIER | |
| control field | BDDh-ASL |
| 005 - DATE AND TIME OF LATEST TRANSACTION | |
| control field | 20231015025911.0 |
| 008 - FIXED-LENGTH DATA ELEMENTS--GENERAL INFORMATION | |
| fixed length control field | 830927r1983 cau b s001 0beng |
| 010 ## - LIBRARY OF CONGRESS CONTROL NUMBER | |
| LC control number | 83170614 |
| 020 ## - INTERNATIONAL STANDARD BOOK NUMBER | |
| International Standard Book Number | 0520047745 (pbk.) : |
| Terms of availability | $7.95 |
| 020 ## - INTERNATIONAL STANDARD BOOK NUMBER | |
| International Standard Book Number | 0520047664 (hard) |
| 040 ## - CATALOGING SOURCE | |
| Original cataloging agency | DLC |
| Transcribing agency | DLC |
| Modifying agency | DLC |
| -- | BDDh-ASL |
| 041 1# - LANGUAGE CODE | |
| Language code of text/sound track or separate title | engper |
| 050 00 - LIBRARY OF CONGRESS CALL NUMBER | |
| Classification number | BP80.A45 |
| Item number | K4 1983 |
| 082 00 - DEWEY DECIMAL CLASSIFICATION NUMBER | |
| Classification number | 297.0924 |
| Edition number | 19 |
| Item number | KEI |
| 100 1# - MAIN ENTRY--PERSONAL NAME | |
| Personal name | Keddie, Nikki R. |
| 245 13 - TITLE STATEMENT | |
| Title | An Islamic response to imperialism : |
| Remainder of title | political and religious writings of Sayyid Jamāl ad-Dīn "al-Afghānī" / |
| Statement of responsibility, etc. | by Nikki R. Keddie ; including a translation of the "Refutation of the materialists" from the original Persian by Nikki R. Keddie and Hamid Algar. |
| 260 ## - PUBLICATION, DISTRIBUTION, ETC. | |
| Place of publication, distribution, etc. | Berkeley : |
| Name of publisher, distributor, etc. | University of California Press, |
| Date of publication, distribution, etc. | 1983. |
| 300 ## - PHYSICAL DESCRIPTION | |
| Extent | xxii, 212 p. : |
| Dimensions | 21 cm. |
| 440 #0 - SERIES STATEMENT/ADDED ENTRY--TITLE | |
| Title | Middle Eastern studies. |
| Name of part/section of a work | History |
| 440 #0 - SERIES STATEMENT/ADDED ENTRY--TITLE | |
| Title | California library reprint series |
| 500 ## - GENERAL NOTE | |
| General note | Includes index. |
| 504 ## - BIBLIOGRAPHY, ETC. NOTE | |
| Bibliography, etc. note | Bibliography: p. [191]-200. |
| 600 10 - SUBJECT ADDED ENTRY--PERSONAL NAME | |
| Personal name | Afghānī, Jamāl al-Dīn, |
| Dates associated with a name | 1838-1897. |
| 650 #0 - SUBJECT ADDED ENTRY--TOPICAL TERM | |
| Topical term or geographic name entry element | Muslims |
| Geographic subdivision | Middle East |
| General subdivision | Biography. |
| 906 ## - LOCAL DATA ELEMENT F, LDF (RLIN) | |
| a | 7 |
| b | cbc |
| c | orignew |
| d | 2 |
| e | ncip |
| f | 19 |
| g | y-gencatlg |
| 942 ## - ADDED ENTRY ELEMENTS (KOHA) | |
| Source of classification or shelving scheme | Dewey Decimal Classification |
| Koha item type | Books |
| Withdrawn status | Lost status | Source of classification or shelving scheme | Damaged status | Not for loan | Collection code | Home library | Current library | Shelving location | Date acquired | Source of acquisition | Total Checkouts | Full call number | Barcode | Date last seen | Copy number | Price effective from | Koha item type | Public note |
|---|---|---|---|---|---|---|---|---|---|---|---|---|---|---|---|---|---|---|
| Dewey Decimal Classification | Not For Loan | Non-fiction | Asiatic Society Library | Asiatic Society Library | Ludden Collection | 01/09/2021 | Donated by Prof. David Ludden | 297.0924 KEI | 103972 | 01/09/2021 | C-1 | 01/09/2021 | Books | RARE | ||||
| Dewey Decimal Classification | Not For Loan | Non-fiction | Asiatic Society Library | Asiatic Society Library | General Stacks | 01/25/2021 | ASB Collection | 297.0924 KEI | 104894 | 01/25/2021 | C-2 | 01/25/2021 | Books | RARE |